| 000 | 00638nam a2200217Ia 4500 | ||
|---|---|---|---|
| 003 | OSt | ||
| 005 | 20240529142211.0 | ||
| 008 | 210716s2003 xx 000 0 und d | ||
| 020 | _a0195655265 | ||
| 040 | _cAIMIT LIBRARY | ||
| 041 | _aeng | ||
| 082 |
_a338.9 _21 _bSENA |
||
| 100 |
_aSen, Amartya. _9127120 |
||
| 245 |
_aDevelopment as freedom / _cBy Amartya Sen. |
||
| 250 | _a1st ed. | ||
| 260 |
_aNew Delhi : _bOxford University Press , _c2003. |
||
| 300 |
_axv, 366p. ; _bPB _c21.4 cm. |
||
| 650 |
_aPoverty as capability deprivation _9127121 |
||
| 650 |
_aCulture and human rightz _9127122 |
||
| 942 |
_2ddc _cBK _e1st _k338.9 SENA |
||
| 999 |
_c198143 _d198143 |
||